Vista normal
Vista MARC
- Nuñez Prats, Antonio
Entrada Nombre personal
Número de registros utilizados en: 1
001 - NÚMERO DE CONTROL
- campo de control: 8583
003 - IDENTIFICADOR DE NÚMERO DE CONTROL
- campo de control: Iste
005 - FECHA Y HORA DE LA ÚLTIMA TRANSACCIÓN
- campo de control: 20251215165843.0
008 - ELEMENTOS DE DATO DE LONGITUD-FIJA
- campo de control de longitud fija: 251215|| aca||aabn | a|a d
040 ## - FUENTE DE CATALOGACIÓN
- Centro catalogador/agencia de origen: Iste
- Centro/agencia transcriptor: Iste
100 ## - ENCABEZAMIENTO-NOMBRE DE PERSONA
- Nombre de persona: Nuñez Prats, Antonio
670 ## - FUENTE DE DATOS ENCONTRADOS
- Cita de la fuente: Work cat.: (Iste)1715: Salom Martorell, Miquel Autor Autor 8576, Psicología del deporte:, 2023
